[Event "European Youth Chess Championship B16"]
[Site "Prague, Top Hotel Prague"]
[Date "2016.08.26"]
[Round "8.33"]
[White "Zeman, Matyas"]
[Black "Jelinek, Michal"]
[Result "1-0"]
[WhiteElo "2166"]
[BlackElo "2080"]
[PlyCount "61"]
[EventDate "2016.08.18"]

1. e4 e6 2. Nf3 d5 3. e5 c5 4. b4 cxb4 5. a3 Nc6 6. axb4 Bxb4 7. c3 Be7 8. d4
Bd7 9. Bd3 b5 10. O-O a5 11. Bf4 Rb8 12. Nbd2 Qb6 13. Qb3 b4 14. Rfb1 a4 15.
Qd1 Qc7 16. c4 dxc4 17. Nxc4 Na5 18. Rc1 Nxc4 19. Bxc4 Qb6 20. Rxa4 Bxa4 21.
Qxa4+ Kf8 22. d5 Bc5 23. dxe6 Bxf2+ 24. Kh1 Be3 25. Bxe3 Qxe3 26. Rf1 Nh6 27.
Qd7 g6 28. Ng5 Qxg5 29. Rxf7+ Kg8 30. Rg7+ Kf8 31. e7+ 1-0

[Event "European Youth Chess Championship B16"]
[Site "Prague, Top Hotel Prague"]
[Date "2016.08.26"]
[Round "8.34"]
[White "Kistrup, Nicolai"]
[Black "Akdogan, Alperen"]
[Result "0-1"]
[WhiteElo "2089"]
[BlackElo "2152"]
[PlyCount "132"]
[EventDate "2016.08.18"]

1. d4 f5 2. Bg5 h6 3. Bh4 g5 4. e3 Nf6 5. Bg3 d6 6. h4 g4 7. h5 Bg7 8. Nc3 Be6
9. Nge2 Bf7 10. Nf4 e6 11. Qd2 Nc6 12. Bc4 Qd7 13. Bh4 d5 14. Bxf6 Bxf6 15. Bb5
O-O-O 16. Nd3 a6 17. Nc5 Qd6 18. Bxc6 Qxc6 19. Qd3 Bg8 20. b4 Be7 21. a4 Bxc5
22. dxc5 Bh7 23. Qd4 e5 24. Qxe5 d4 25. Ne2 Rhe8 26. Qg3 Qe4 27. O-O dxe3 28.
fxe3 Qxb4 29. c6 Qd2 30. cxb7+ Kxb7 31. Rab1+ Kc8 32. Nf4 Rxe3 33. Qh4 Qd7 34.
Kh1 Bg8 35. c3 Qd6 36. Qf2 Qd2 37. Qxd2 Rxd2 38. Rfe1 Rxe1+ 39. Rxe1 Kd7 40.
Kh2 Bd5 41. Re5 Be4 42. Ra5 Rd6 43. Kg3 Ke7 44. Rc5 Rc6 45. Nd3 Kf6 46. Rxc6+
Bxc6 47. Nb4 Bxa4 48. Nxa6 Kg5 49. Nxc7 f4+ 50. Kf2 g3+ 51. Kg1 Kxh5 52. Ne6
Kg4 53. Nd4 Kg5 54. c4 Kf6 55. Nb5 Ke5 56. Kf1 Bb3 57. Na3 h5 58. Ke2 h4 59. c5
Bd5 60. Kf1 f3 61. gxf3 h3 62. c6 Bxc6 63. Nc4+ Kf4 64. Nd2 Bxf3 65. Nxf3 Kxf3
66. Kg1 g2 0-1

[Event "European Youth Chess Championship B16"]
[Site "Prague, Top Hotel Prague"]
[Date "2016.08.26"]
[Round "8.35"]
[White "Tomulic, Teo"]
[Black "De Bock, Thijs"]
[Result "1-0"]
[WhiteElo "2148"]
[BlackElo "2058"]
[PlyCount "53"]
[EventDate "2016.08.18"]

1. e4 c5 2. Nf3 d6 3. Bc4 Nf6 4. Nc3 g6 5. e5 dxe5 6. Nxe5 e6 7. Qf3 Nbd7 8.
Bb5 Qe7 9. d3 h6 10. Ne4 Nxe4 11. Qxe4 Bg7 12. Nxd7 Bxd7 13. Qxb7 Rd8 14. O-O
O-O 15. Qxa7 Qd6 16. a4 Bxb5 17. axb5 Ra8 18. Qxa8 Rxa8 19. Rxa8+ Kh7 20. Be3
Qd7 21. b3 Qxb5 22. Rc8 Bd4 23. Bxd4 cxd4 24. Rc4 Qe5 25. b4 g5 26. Rb1 Kg6 27.
b5 1-0

[Event "European Youth Chess Championship B16"]
[Site "Prague, Top Hotel Prague"]
[Date "2016.08.26"]
[Round "8.36"]
[White "Berntsen-Oybo, August"]
[Black "Slovak, Kilian"]
[Result "1-0"]
[WhiteElo "1899"]
[BlackElo "2142"]
[PlyCount "75"]
[EventDate "2016.08.18"]

1. e4 c5 2. Nf3 Nc6 3. Bb5 g6 4. Bxc6 dxc6 5. d3 Bg7 6. h3 Nf6 7. Nc3 Nd7 8. a4
a5 9. O-O e5 10. Be3 Qe7 11. Qd2 h6 12. Nh2 Nf8 13. Rae1 Ne6 14. Ne2 b6 15. Kh1
Ra7 16. b3 Rd7 17. f4 exf4 18. Nxf4 Rd8 19. Nxe6 Bxe6 20. Nf3 g5 21. Qf2 Qd6
22. e5 Qe7 23. Qg3 Rd5 24. Bc1 Qc7 25. Bb2 Bf8 26. Nd2 f5 27. Nc4 f4 28. Qf3
Rd7 29. Nd6+ Kd8 30. Qh5 Re7 31. Rd1 Bg7 32. d4 cxd4 33. Bxd4 Rd7 34. Qg6 Bd5
35. c4 c5 36. cxd5 cxd4 37. Rc1 Rxd6 38. exd6 1-0

[Event "European Youth Chess Championship B16"]
[Site "Prague, Top Hotel Prague"]
[Date "2016.08.26"]
[Round "8.37"]
[White "Iliaguev, Nisim"]
[Black "Pauwels, Xander"]
[Result "1-0"]
[WhiteElo "2120"]
[BlackElo "1996"]
[PlyCount "63"]
[EventDate "2016.08.18"]

1. e4 c5 2. Nf3 d6 3. Bb5+ Bd7 4. Bxd7+ Nxd7 5. d4 cxd4 6. Qxd4 Ngf6 7. Nc3 g6
8. O-O Bg7 9. Bg5 O-O 10. Qd2 b5 11. Rfe1 Qb6 12. Rab1 Rfe8 13. Nd5 Nxd5 14.
exd5 Ne5 15. Nxe5 dxe5 16. c3 Qc5 17. Rbd1 Red8 18. Qd3 Rd7 19. b3 a6 20. Be3
Qa3 21. Qc2 Rc8 22. c4 f5 23. c5 f4 24. c6 fxe3 25. cxd7 Rxc2 26. d8=Q+ Kf7 27.
Rxe3 Bf6 28. d6 Rd2 29. Ree1 Qxa2 30. d7 Rxf2 31. Qa8 e4 32. Qxe4 1-0

[Event "European Youth Chess Championship B16"]
[Site "Prague, Top Hotel Prague"]
[Date "2016.08.26"]
[Round "8.38"]
[White "Markovic, Dino"]
[Black "Merkesvik, Sondre"]
[Result "0-1"]
[WhiteElo "2012"]
[BlackElo "2228"]
[PlyCount "120"]
[EventDate "2016.08.18"]

1. d4 Nf6 2. c4 g6 3. Nc3 d5 4. Nf3 Bg7 5. cxd5 Nxd5 6. e4 Nxc3 7. bxc3 c5 8.
Rb1 O-O 9. Be3 Nc6 10. d5 Bxc3+ 11. Bd2 Bxd2+ 12. Qxd2 Na5 13. h4 f6 14. h5 g5
15. h6 e5 16. Qe3 b6 17. Nd2 Qd6 18. Be2 Bd7 19. g3 Kh8 20. O-O Rg8 21. Kg2 Rg6
22. Rh1 Qf8 23. Rh5 Rxh6 24. Rbh1 Rxh5 25. Rxh5 Qd6 26. Rh6 Rg8 27. Nf3 Qf8 28.
Rh1 h6 29. Nh2 Kg7 30. Bg4 Qc8 31. Qf3 Rh8 32. Bxd7 Qxd7 33. Ng4 Qf7 34. Ne3 h5
35. Nf5+ Kg6 36. Qe2 Qd7 37. f4 b5 38. fxg5 fxg5 39. d6 Nc4 40. Ne7+ Kg7 41.
Rxh5 Ne3+ 42. Kg1 Rxh5 43. Qxh5 Qxd6 44. Qxg5+ Kf7 45. Qxe3 Kxe7 46. Qg5+ Qf6
47. Qe3 Qd6 48. Qg5+ Kd7 49. Qf5+ Kc7 50. Qf7+ Kb6 51. Qe8 c4 52. a4 a6 53.
axb5 axb5 54. Kg2 c3 55. Qc8 Qd2+ 56. Kh3 c2 57. Qb8+ Ka5 58. Qc7+ Ka4 59. Qa7+
Kb3 60. Qc5 Qb4 0-1

[Event "European Youth Chess Championship B16"]
[Site "Prague, Top Hotel Prague"]
[Date "2016.08.26"]
[Round "8.39"]
[White "Kadianis, Georgios"]
[Black "Cirovic, Miroljub"]
[Result "1/2-1/2"]
[WhiteElo "2169"]
[BlackElo "1943"]
[PlyCount "42"]
[EventDate "2016.08.18"]

1. e4 c5 2. Nf3 Nc6 3. d4 cxd4 4. Nxd4 g6 5. c4 Nf6 6. Nc3 d6 7. Be2 Nxd4 8.
Qxd4 Bg7 9. Be3 O-O 10. Qd2 a5 11. O-O a4 12. f3 Qa5 13. Rac1 Be6 14. Bd4 Rfc8
15. b3 axb3 16. axb3 Qb4 17. Ra1 b5 18. Rxa8 Rxa8 19. Rb1 Rc8 20. Qe3 bxc4 21.
bxc4 Qa5 1/2-1/2

[Event "European Youth Chess Championship B16"]
[Site "Prague, Top Hotel Prague"]
[Date "2016.08.26"]
[Round "8.40"]
[White "Batashevs, Arsens"]
[Black "D`Avino, Gianfranco"]
[Result "0-1"]
[WhiteElo "1969"]
[BlackElo "2119"]
[PlyCount "104"]
[EventDate "2016.08.18"]

1. Nf3 Nf6 2. b3 d5 3. Bb2 g6 4. g3 Bg7 5. Bg2 O-O 6. O-O c5 7. e3 Nc6 8. d3
Bg4 9. h3 Bxf3 10. Bxf3 e5 11. Nd2 Qd7 12. Bg2 d4 13. e4 Ne8 14. Qe2 Nd6 15.
Nc4 Nxc4 16. bxc4 Bh6 17. Bc1 Bxc1 18. Raxc1 Nb4 19. a3 Na2 20. Ra1 Nc3 21. Qd2
a6 22. f4 Qe7 23. f5 f6 24. Qh6 Qg7 25. Qxg7+ Kxg7 26. a4 g5 27. Ra3 b5 28.
axb5 axb5 29. Rfa1 Rxa3 30. Rxa3 bxc4 31. dxc4 Rb8 32. Ra7+ Kg8 33. Ra6 Rb2 34.
Rxf6 Rxc2 35. Rd6 Ne2+ 36. Kh2 Rxc4 37. Bf3 Rc2 38. f6 d3 39. Bg4 Nd4+ 40. Kh1
d2 41. Bh5 d1=Q+ 42. Bxd1 Rc1 43. Rd5 c4 44. Rxe5 c3 45. Kg2 Rxd1 46. Rxg5+ Kf7
47. e5 Ne6 48. Rh5 Kg6 49. Rh4 c2 50. Rg4+ Kf7 51. Rh4 c1=Q 52. Rxh7+ Kg6 0-1

[Event "European Youth Chess Championship B16"]
[Site "Prague, Top Hotel Prague"]
[Date "2016.08.26"]
[Round "8.41"]
[White "Chwistek, Karel"]
[Black "Dill, Xaver"]
[Result "0-1"]
[WhiteElo "1961"]
[BlackElo "2110"]
[PlyCount "66"]
[EventDate "2016.08.18"]

1. e4 c5 2. Nc3 a6 3. a4 e6 4. f4 Nc6 5. Nf3 d5 6. d3 Nge7 7. g3 g6 8. Bg2 Bg7
9. O-O O-O 10. e5 Nf5 11. g4 Nfd4 12. Ne2 Nxf3+ 13. Rxf3 f6 14. exf6 Bxf6 15.
c3 Bg7 16. Be3 d4 17. Bf2 Kh8 18. h3 Bd7 19. Ng3 Qe7 20. Qd2 Bh6 21. Ne4 Ne5
22. g5 Nxf3+ 23. Bxf3 Bg7 24. Re1 Bc6 25. Bg4 Rae8 26. Bg3 b6 27. Qc2 Qd8 28.
Nd2 e5 29. fxe5 Qd5 30. Ne4 Bxe5 31. c4 Qd8 32. Nf6 Bxg3 33. Rxe8 Rxe8 0-1

[Event "European Youth Chess Championship B16"]
[Site "Prague, Top Hotel Prague"]
[Date "2016.08.26"]
[Round "8.42"]
[White "Storme, Isak"]
[Black "Pavelka, Hubert Jan"]
[Result "1-0"]
[WhiteElo "2108"]
[BlackElo "1934"]
[PlyCount "169"]
[EventDate "2016.08.18"]

1. d4 d5 2. c4 c6 3. Nc3 Nf6 4. Nf3 e6 5. e3 Be7 6. Qc2 a6 7. a4 Nbd7 8. Bd3
dxc4 9. Bxc4 c5 10. O-O cxd4 11. exd4 Nb6 12. Bd3 Nbd5 13. Qe2 O-O 14. Bg5 Nxc3
15. bxc3 Nd5 16. Bd2 Qc7 17. Ne5 f5 18. Bc4 Bd6 19. Rfe1 Bxe5 20. dxe5 Bd7 21.
Bxd5 exd5 22. Qd3 Be6 23. Rab1 Rab8 24. Rb4 b6 25. Qxa6 Kf7 26. Qd3 Rb7 27. Qd4
Rfb8 28. h3 Qc5 29. Be3 Qxd4 30. Bxd4 b5 31. Reb1 Bd7 32. Bc5 Rc8 33. Bd4 Rcb8
34. a5 Ra8 35. Bb6 h5 36. h4 Ke6 37. Re1 Rbb8 38. Kh2 Rc8 39. Re3 g6 40. Kg3
Rg8 41. Kf4 Bc6 42. Kg5 Bd7 43. Re1 Rgc8 44. Rb3 Rc4 45. f4 Rcc8 46. Ra1 Ra6
47. Rd1 Raa8 48. Rd4 Bc6 49. Ra3 Ra6 50. Ra1 Be8 51. Rad1 Bc6 52. R1d2 Raa8 53.
Ra2 Ra6 54. Bc5 Be8 55. Bb4 Bc6 56. Rad2 Bb7 57. R2d3 Raa8 58. Rh3 Bc6 59. Rh1
Bd7 60. Rb1 Be8 61. Rb2 Bd7 62. Ra2 Ra6 63. Ra3 Be8 64. Bd6 Bd7 65. Ra1 Bc6 66.
Ra2 Bd7 67. Ra3 Bc6 68. Bb4 Bb7 69. Ra2 Bc6 70. Rb2 Raa8 71. g3 Ra6 72. c4 bxc4
73. Bc3 Raa8 74. Rd1 Rc7 75. Rb6 Kf7 76. Re1 Re8 77. e6+ Rxe6 78. Rxe6 Kxe6 79.
Kxg6 d4 80. Bxd4 Kd5 81. Bc3 Ke4 82. Kxh5 Kd3 83. Be5 Be8+ 84. Kg5 c3 85. Rb3
1-0

[Event "European Youth Chess Championship B16"]
[Site "Prague, Top Hotel Prague"]
[Date "2016.08.26"]
[Round "8.43"]
[White "Slomczewski, Michal"]
[Black "Haring, Viktor"]
[Result "0-1"]
[WhiteElo "1920"]
[BlackElo "2105"]
[PlyCount "116"]
[EventDate "2016.08.18"]

1. Nf3 d5 2. g3 c6 3. Bg2 Bg4 4. d3 Nd7 5. Nbd2 Ngf6 6. O-O e6 7. b3 Be7 8. Bb2
O-O 9. c4 h6 10. a3 a5 11. Qc2 Qb8 12. e4 Rc8 13. Nd4 Nc5 14. f4 Bh5 15. h3 Bg6
16. g4 dxe4 17. dxe4 Bd6 18. f5 exf5 19. Nxf5 Bxf5 20. Rxf5 Ncd7 21. Raf1 Qa7+
22. Kh1 Re8 23. c5 Be5 24. Nc4 Qxc5 25. b4 axb4 26. axb4 Qb5 27. Bxe5 Nxe5 28.
Nd6 Qxb4 29. Nxe8 Rxe8 30. Qf2 Nxe4 31. Qe3 Nc4 32. Qf4 Ncd6 33. Re5 Rxe5 34.
Qxe5 Qc3 35. Qxc3 Nxc3 36. Kg1 Kf8 37. Kf2 Ke7 38. Ke3 Ncb5 39. Ra1 c5 40. Bf1
Nd4 41. Ra8 b5 42. Bg2 Ke6 43. Kd3 b4 44. Ra5 Nb3 45. Ra7 c4+ 46. Kc2 Nd4+ 47.
Kd2 c3+ 48. Kd3 c2 49. Rc7 N6b5 50. Rxc2 Nxc2 51. Kxc2 Kd6 52. Kd3 Kc5 53. Be4
b3 54. Bh7 Kb4 55. Kd2 Nd4 56. Be4 b2 57. Bb1 Nb5 58. Kc2 Na3+ 0-1

[Event "European Youth Chess Championship B16"]
[Site "Prague, Top Hotel Prague"]
[Date "2016.08.26"]
[Round "8.44"]
[White "Solc, Filip"]
[Black "Lamblin, Jean"]
[Result "1/2-1/2"]
[WhiteElo "1915"]
[BlackElo "2090"]
[PlyCount "63"]
[EventDate "2016.08.18"]

1. e4 c5 2. Nf3 Nc6 3. Nc3 e5 4. Bc4 d6 5. d3 Be7 6. Nd2 Nf6 7. Nf1 Bg4 8. f3
Be6 9. Ne3 Nd7 10. O-O O-O 11. g3 Nd4 12. Ncd5 b5 13. Nxe7+ Qxe7 14. Bd5 Rac8
15. c3 Nc6 16. f4 exf4 17. gxf4 Nf6 18. Bxc6 Rxc6 19. f5 Bc8 20. Ng4 Nxg4 21.
Qxg4 d5 22. Bg5 f6 23. Rae1 dxe4 24. Rxe4 Qd7 25. Bd2 Bb7 26. Rfe1 Rc7 27. R4e3
c4 28. d4 Qd5 29. Re7 Qh1+ 30. Kf2 Qxh2+ 31. Kf1 Qh1+ 32. Kf2 1/2-1/2

[Event "European Youth Chess Championship B16"]
[Site "Prague, Top Hotel Prague"]
[Date "2016.08.26"]
[Round "8.45"]
[White "Shafi, Declan"]
[Black "Skladtshikov, Andrei"]
[Result "1/2-1/2"]
[WhiteElo "2078"]
[BlackElo "1929"]
[PlyCount "155"]
[EventDate "2016.08.18"]

1. d4 Nf6 2. Nf3 g6 3. Nc3 Bg7 4. e4 d6 5. Be3 O-O 6. Qd2 Nbd7 7. O-O-O Ng4 8.
Bg5 c5 9. h3 cxd4 10. Nxd4 Ngf6 11. h4 h5 12. f3 Nh7 13. Bh6 Ndf6 14. Be2 a6
15. Rdg1 b5 16. Nd5 e6 17. Nc6 Qd7 18. Nce7+ Kh8 19. Nxc8 Nxd5 20. Bxg7+ Kxg7
21. exd5 Raxc8 22. g4 Nf6 23. gxh5 Nxh5 24. Qg5 Rh8 25. Bd3 Rb8 26. dxe6 Qxe6
27. Re1 Qf6 28. Re7 Nf4 29. Qxf6+ Kxf6 30. Re4 Nxd3+ 31. cxd3 Rbc8+ 32. Kd2 Rc5
33. Rb4 Ke7 34. Re1+ Kd7 35. Rf4 Rh7 36. Ree4 Re5 37. Rxe5 dxe5 38. Rf6 Rxh4
39. Rxf7+ Ke6 40. Ra7 Ra4 41. a3 Kf5 42. Kc3 Kf4 43. Rf7+ Ke3 44. Rf6 Rd4 45.
Rxg6 Rxd3+ 46. Kc2 a5 47. f4 Rd2+ 48. Kc1 Rd5 49. f5 e4 50. f6 Rf5 51. Kc2 Kf2
52. Rh6 e3 53. Rh2+ Kg3 54. Rh6 Kf3 55. Rh3+ Ke4 56. Rh4+ Ke5 57. Kd3 Kxf6 58.
Kxe3 Ke5 59. Rh8 Kd5 60. Rb8 Kc4 61. Kd2 Kb3 62. Kc1 Ka2 63. a4 bxa4 64. Kc2
Rf2+ 65. Kc1 Rf5 66. Kc2 Rh5 67. Rb7 Rh2+ 68. Kc1 Rh4 69. Rb5 Rc4+ 70. Kd2 Rb4
71. Rxa5 Kxb2 72. Rc5 a3 73. Rc2+ Kb3 74. Rc3+ Ka4 75. Rc2 Kb3 76. Rc3+ Kb2 77.
Rc2+ Kb3 78. Rc3+ 1/2-1/2

[Event "European Youth Chess Championship B16"]
[Site "Prague, Top Hotel Prague"]
[Date "2016.08.26"]
[Round "8.46"]
[White "Birkisson, Bjorn Holm"]
[Black "Simet, Martin"]
[Result "1-0"]
[WhiteElo "1908"]
[BlackElo "2058"]
[PlyCount "45"]
[EventDate "2016.08.18"]

1. d4 Nf6 2. c4 g6 3. Nc3 Bg7 4. e4 d6 5. Nf3 O-O 6. h3 e5 7. d5 Nh5 8. g3 Qe7
9. Be2 f5 10. exf5 gxf5 11. Ng5 Nf6 12. g4 h6 13. Ne6 Bxe6 14. dxe6 Qxe6 15.
gxf5 Qxf5 16. Be3 Nc6 17. Qd2 Nd4 18. O-O-O Ne4 19. Nxe4 Nxe2+ 20. Qxe2 Qxe4
21. Rhg1 Kh7 22. Rxg7+ Kxg7 23. Bxh6+ 1-0

[Event "European Youth Chess Championship B16"]
[Site "Prague, Top Hotel Prague"]
[Date "2016.08.26"]
[Round "8.47"]
[White "Brejnik, Gustav"]
[Black "Landi, Alberto"]
[Result "1-0"]
[WhiteElo "1868"]
[BlackElo "2057"]
[PlyCount "75"]
[EventDate "2016.08.18"]

1. d4 d5 2. c4 e6 3. Nc3 c6 4. cxd5 exd5 5. Qc2 Nf6 6. Bg5 g6 7. e3 Bf5 8. Bd3
Bxd3 9. Qxd3 Nbd7 10. Nge2 Be7 11. O-O O-O 12. f3 Re8 13. Bh4 Qc7 14. Rad1 Rad8
15. e4 Nb6 16. e5 Nfd7 17. Bxe7 Rxe7 18. b3 f6 19. f4 fxe5 20. dxe5 Nc5 21. Qf3
Rf8 22. Qe3 Ne6 23. Kh1 Kh8 24. g4 c5 25. Nb5 Qd7 26. Nd6 d4 27. Qe4 Ng7 28.
Ng3 Qxg4 29. Nxb7 Ne6 30. Ne2 Rxb7 31. Rg1 Qh5 32. Ng3 Qh4 33. Qxb7 Nxf4 34.
Rdf1 Nbd5 35. Qxd5 Nxd5 36. Rxf8+ Kg7 37. Nf5+ Kxf8 38. Nxh4 1-0

[Event "European Youth Chess Championship B16"]
[Site "Prague, Top Hotel Prague"]
[Date "2016.08.26"]
[Round "8.48"]
[White "Vystrcil, Martin"]
[Black "Golding, James"]
[Result "1/2-1/2"]
[WhiteElo "2029"]
[BlackElo "1919"]
[PlyCount "95"]
[EventDate "2016.08.18"]

1. e4 e5 2. Nf3 Nc6 3. Nc3 Nf6 4. d4 exd4 5. Nd5 Be7 6. Bc4 O-O 7. O-O d6 8.
Nxd4 Nxd4 9. Qxd4 Nxd5 10. Bxd5 Bf6 11. Qd3 Qe7 12. c3 c6 13. Bb3 Be6 14. f4 g6
15. Be3 Rfe8 16. Bc2 b5 17. Rfd1 Rad8 18. Bd4 Bxd4+ 19. Qxd4 d5 20. e5 c5 21.
Qf2 Bc8 22. Rd2 f6 23. exf6 Qxf6 24. Qxc5 Qxf4 25. Qf2 Qxf2+ 26. Kxf2 Re5 27.
Bd1 g5 28. h3 Rf8+ 29. Bf3 g4 30. hxg4 Bxg4 31. Rad1 Bxf3 32. gxf3 Ref5 33. Rd3
Kg7 34. Ke2 a6 35. R1d2 R8f7 36. b3 Rf4 37. a3 h6 38. Kf2 R7f6 39. Kg2 Kg6 40.
Re3 R4f5 41. Rd4 Kf7 42. Red3 Ke6 43. a4 bxa4 44. Rxa4 Kf7 45. Kg3 Rg5+ 46. Kf2
Rgf5 47. Ra5 Rb6 48. Raxd5 1/2-1/2

[Event "European Youth Chess Championship B16"]
[Site "Prague, Top Hotel Prague"]
[Date "2016.08.26"]
[Round "8.49"]
[White "Havelka, Ondrej"]
[Black "Kuchar, Matej"]
[Result "1-0"]
[WhiteElo "2025"]
[BlackElo "1873"]
[PlyCount "131"]
[EventDate "2016.08.18"]

1. d4 d5 2. c4 e6 3. Nc3 Nf6 4. Bg5 c6 5. e3 Nbd7 6. Nf3 Be7 7. Rc1 O-O 8. Bd3
dxc4 9. Bxc4 b5 10. Bd3 a6 11. a4 b4 12. Ne4 Bb7 13. Bxf6 Bxf6 14. O-O Qe7 15.
Nc5 Nxc5 16. Rxc5 Rfc8 17. Qc2 g6 18. Ne5 Bxe5 19. dxe5 a5 20. Rc1 Qe8 21. f4
Qd7 22. Kf2 Qd8 23. g3 Qe7 24. h4 h5 25. Be4 Ra6 26. Rd1 Rd8 27. Rd4 Kf8 28.
Kf3 Ke8 29. Qc4 Qc7 30. b3 Ke7 31. Qc2 Ke8 32. Kf2 Kf8 33. Ke2 Kg7 34. Kf3 Qc8
35. Qd3 Rxd4 36. exd4 Qd7 37. Ke3 Ra7 38. Qc2 Ra6 39. Qg2 Kf8 40. g4 hxg4 41.
Qxg4 Ke7 42. h5 gxh5 43. Qxh5 Kd8 44. Qf3 Kc7 45. f5 Kb6 46. f6 Ra8 47. Qe2 Rc8
48. Qc4 Ba6 49. Qc2 Bb7 50. Rxa5 c5 51. Rxc5 Bxe4 52. Qxe4 Rh8 53. Kd3 Rh3+ 54.
Kc4 Rc3+ 55. Kxb4 Rxc5 56. dxc5+ Kc7 57. Kc3 Qd1 58. Qd4 Qe1+ 59. Kc4 Qe2+ 60.
Kb4 Qe1+ 61. Kb5 Qe2+ 62. Ka5 Qf3 63. Qd6+ Kc8 64. c6 Qc3+ 65. b4 Qxb4+ 66.
Qxb4 1-0

[Event "European Youth Chess Championship B16"]
[Site "Prague, Top Hotel Prague"]
[Date "2016.08.26"]
[Round "8.50"]
[White "Mandic, Stefan"]
[Black "Horvath, Tomas"]
[Result "1-0"]
[WhiteElo "1868"]
[BlackElo "2014"]
[PlyCount "119"]
[EventDate "2016.08.18"]

1. e4 e5 2. Nf3 Nc6 3. Bb5 a6 4. Ba4 Nf6 5. O-O Be7 6. Re1 b5 7. Bb3 d6 8. h3
O-O 9. c3 Nb8 10. d4 Nbd7 11. a3 Bb7 12. Qc2 c5 13. dxe5 dxe5 14. c4 Qc7 15.
Bg5 Nb6 16. Nbd2 h6 17. Bh4 Rfd8 18. Rac1 Rac8 19. Bg3 Bd6 20. Nh4 g6 21. Ba2
Kg7 22. Nhf3 Nh7 23. Qc3 Re8 24. Rcd1 Nf8 25. Nf1 f6 26. cxb5 Rcd8 27. bxa6
Bxa6 28. Ne3 Qb7 29. Qc1 Qe7 30. a4 Ne6 31. Nh4 Kh7 32. a5 Nc8 33. Nd5 Qg7 34.
f4 Nxf4 35. Bxf4 exf4 36. Nxf4 Bxf4 37. Qxf4 Bb7 38. Rxd8 Rxd8 39. Bb1 Rd4 40.
Qf2 Ne7 41. Qf1 Rb4 42. a6 Ba8 43. Qf2 Nc6 44. Qxc5 Rxb2 45. Nf3 Qa7 46. Qxa7+
Nxa7 47. Rc1 Nc6 48. Bd3 Rb6 49. Rc5 Kg7 50. Bb5 Kf7 51. a7 Ne7 52. Bc4+ Ke8
53. e5 Rb1+ 54. Kh2 fxe5 55. Nxe5 Rb2 56. Bb5+ Kf8 57. Bf1 Rb7 58. Nxg6+ Kf7
59. Nxe7 Kxe7 60. Rc6 1-0

[Event "European Youth Chess Championship B16"]
[Site "Prague, Top Hotel Prague"]
[Date "2016.08.26"]
[Round "8.51"]
[White "Czupor, Attila"]
[Black "Burhanov, Vassily"]
[Result "1-0"]
[WhiteElo "2303"]
[BlackElo "1888"]
[PlyCount "63"]
[EventDate "2016.08.18"]

1. e4 e6 2. d4 d5 3. Nc3 Nf6 4. Bd3 c5 5. Nf3 Nc6 6. exd5 exd5 7. O-O c4 8.
Re1+ Be7 9. Bxc4 dxc4 10. d5 Nxd5 11. Qxd5 Be6 12. Qb5 Qc8 13. Ng5 Bxg5 14.
Qxg5 O-O 15. Bf4 f6 16. Qg3 Nd4 17. Rad1 Nf5 18. Qf3 g5 19. Bd6 Rf7 20. Ne4 b6
21. Qc3 Nxd6 22. Nxf6+ Kf8 23. Rxd6 Bf5 24. Nd5 Rg7 25. Qf6+ Kg8 26. Ne7+ Rxe7
27. Rxe7 Qf8 28. Qxg5+ Kh8 29. h4 Rc8 30. Qe3 Bg6 31. Qe5+ Kg8 32. Rdd7 1-0

[Event "European Youth Chess Championship B16"]
[Site "Prague, Top Hotel Prague"]
[Date "2016.08.26"]
[Round "8.52"]
[White "Bauer, Miroslav"]
[Black "Acs, Marton"]
[Result "1/2-1/2"]
[WhiteElo "1327"]
[BlackElo "2030"]
[PlyCount "85"]
[EventDate "2016.08.18"]

1. e4 c5 2. c3 g6 3. d4 cxd4 4. Qxd4 Nf6 5. e5 Nc6 6. Qf4 Nd5 7. Qe4 Nb6 8. Nf3
Bg7 9. Be2 O-O 10. O-O d5 11. exd6 Qxd6 12. Be3 e5 13. Rd1 Qe7 14. Nbd2 f5 15.
Qh4 Qxh4 16. Nxh4 Na4 17. Nc4 f4 18. Bd2 e4 19. Nd6 g5 20. Bc4+ Kh8 21. Nf7+
Rxf7 22. Bxf7 Nxb2 23. Re1 gxh4 24. Rxe4 Ne5 25. Bxf4 Nbd3 26. Bxe5 Nxe5 27.
Rae1 Bf5 28. Rxe5 Bxe5 29. Rxe5 Rd8 30. Re8+ Rxe8 31. Bxe8 Kg7 32. f4 Kf6 33.
Kf2 Ke7 34. Bh5 Kd6 35. g4 hxg3+ 36. hxg3 Kc5 37. g4 Be6 38. f5 Bxa2 39. f6 Kd6
40. g5 Bc4 41. Ke3 a5 42. Kd2 a4 43. Kc2 1/2-1/2

[Event "European Youth Chess Championship B16"]
[Site "Prague, Top Hotel Prague"]
[Date "2016.08.26"]
[Round "8.53"]
[White "Sramek, Vojtech"]
[Black "Seibt, Sascha"]
[Result "1-0"]
[WhiteElo "2005"]
[BlackElo "1847"]
[PlyCount "97"]
[EventDate "2016.08.18"]

1. e4 e6 2. d4 d5 3. Nc3 Nf6 4. Bg5 dxe4 5. Nxe4 Be7 6. Bxf6 gxf6 7. Nf3 Nd7 8.
Bc4 Nb6 9. Bb3 Bd7 10. Qe2 Bc6 11. O-O-O f5 12. Ng3 Bxf3 13. Qxf3 c6 14. Rhe1
Qd7 15. Qh5 O-O-O 16. Kb1 Bd6 17. c4 Bc7 18. d5 cxd5 19. cxd5 Nxd5 20. Bxd5
exd5 21. Nxf5 Rhe8 22. Rxe8 Rxe8 23. Qxh7 Qa4 24. Qh5 Re5 25. Qf3 Qe4+ 26. Qxe4
dxe4 27. g4 Bb6 28. Rd2 Kc7 29. h4 e3 30. fxe3 Bxe3 31. Re2 Bf4 32. Rxe5 Bxe5
33. Kc2 Kd7 34. b3 Ke6 35. Kd3 Kd5 36. h5 Bh8 37. Nh6 Ke6 38. g5 Bg7 39. Ke4
Bb2 40. Nf5 Bh8 41. h6 a6 42. Ng7+ Ke7 43. Kf5 Kf8 44. Kf6 Bxg7+ 45. hxg7+ Kg8
46. g6 fxg6 47. Kxg6 a5 48. Kf6 a4 49. bxa4 1-0

[Event "European Youth Chess Championship B16"]
[Site "Prague, Top Hotel Prague"]
[Date "2016.08.26"]
[Round "8.54"]
[White "Todorov, Kaloyan"]
[Black "Durbano, Gabriele"]
[Result "1-0"]
[WhiteElo "1918"]
[BlackElo "2002"]
[PlyCount "75"]
[EventDate "2016.08.18"]

1. e4 e6 2. d4 d5 3. Nd2 Nf6 4. e5 Nfd7 5. f4 c5 6. c3 b6 7. Bd3 Ba6 8. Bxa6
Nxa6 9. Ndf3 Be7 10. Ne2 O-O 11. O-O Re8 12. Qd3 Qc8 13. a3 g6 14. g4 Nc7 15.
Ng3 Qa6 16. Qd2 b5 17. f5 exf5 18. gxf5 Bf8 19. Qf4 Re7 20. Ng5 h6 21. Nf3 Qc6
22. Qh4 cxd4 23. cxd4 gxf5 24. Nxf5 Qg6+ 25. Ng3 f6 26. Bf4 Ne6 27. Kh1 Nxf4
28. Qxf4 fxe5 29. Nxe5 Qc2 30. Qg4+ Rg7 31. Qe6+ Kh7 32. Nxd7 Be7 33. Qf5+ Qxf5
34. Nxf5 Rf7 35. Nxe7 Rxe7 36. Ne5 Rc8 37. Rac1 Rxc1 38. Rxc1 1-0

[Event "European Youth Chess Championship B16"]
[Site "Prague, Top Hotel Prague"]
[Date "2016.08.26"]
[Round "8.55"]
[White "Bugar, Peter"]
[Black "Aubrecht, Petr"]
[Result "1-0"]
[WhiteElo "1857"]
[BlackElo "1959"]
[PlyCount "65"]
[EventDate "2016.08.18"]

1. c4 e5 2. Nc3 Nf6 3. Nf3 Nc6 4. d4 exd4 5. Nxd4 Bb4 6. g3 Ne5 7. Qb3 Bc5 8.
Be3 d6 9. O-O-O O-O 10. h3 Be6 11. Nd5 Bxd5 12. cxd5 Ned7 13. Bg5 h6 14. Be3
Re8 15. g4 Bb6 16. g5 Nc5 17. Qc4 hxg5 18. Bxg5 Nce4 19. Bh4 g5 20. Rg1 Nh7 21.
f3 Kf8 22. Be1 Nc5 23. Qc2 Kg8 24. h4 Qf6 25. Kb1 Qg6 26. e4 f6 27. Bh3 c6 28.
Bf5 Qg7 29. hxg5 fxg5 30. Bc3 Nf6 31. b4 cxd5 32. bxc5 dxc5 33. Ne6 1-0

[Event "European Youth Chess Championship B16"]
[Site "Prague, Top Hotel Prague"]
[Date "2016.08.26"]
[Round "8.56"]
[White "Demosthenous, Andreas"]
[Black "Pobor, Danilo"]
[Result "1-0"]
[WhiteElo "1925"]
[BlackElo "1783"]
[PlyCount "49"]
[EventDate "2016.08.18"]

1. e4 e6 2. d4 d5 3. Nd2 c5 4. exd5 Qxd5 5. Ngf3 Nf6 6. Bc4 Qd8 7. O-O Nc6 8.
Nb3 cxd4 9. Nbxd4 Nxd4 10. Nxd4 Be7 11. Nb5 Bd7 12. Nd6+ Bxd6 13. Qxd6 Qe7 14.
Qg3 Nh5 15. Qe5 Nf6 16. b3 Rc8 17. a4 Bc6 18. Ba3 Qc7 19. Bd6 Qd7 20. Rad1 Rd8
21. Rfe1 Rg8 22. f4 Nd5 23. Ba3 Qc7 24. Bxd5 Qb6+ 25. Kh1 1-0